Countries where Seal Meat is eaten - Statistics

General Stats
  • This quiz has been taken 108 times
  • The average score is 9 of 11
Answer Stats
Answer % Correct
Finland
97%
Canada
95%
Iceland
95%
Norway
95%
Sweden
95%
Japan
94%
Russia
94%
United States
91%
Denmark
89%
South Korea
79%
Saint Vincent and the Grenadines
12%
No matching quizzes found
Score Distribution
Percent of People with Each Score
Percentile by Number Answered
Your Score History
You have not taken this quiz